Statistiques concernant Pays et capitales d'Amérique du Nord

Cliquez ici pour prendre le quiz!

Statistiques générales

  • Ce quiz a été pris 447 fois
  • Le résultat moyen est 33 sur 46

Réponses sur la Carte

Les réponses sont colorées sur une échelle allant du rouge au vert en fonction du pourcentage des utilisateurs qui les ont devinées à leur premier essai. Vous pouvez retrouver ces pourcentages ci-dessous.
 

Statistiques - réponses

Réponse% Correct
Canada
98%
États-Unis
98%
Mexique
98%
Washington
96%
Mexico
95%
Cuba
93%
Ottawa
92%
Panama
89%
Panama
89%
Costa Rica
87%
Guatemala
87%
Guatemala
87%
Honduras
87%
Haïti
86%
Belize
85%
Jamaïque
84%
Salvador
84%
République Dominicaine
83%
Bahamas
81%
Nicaragua
81%
La Havane
78%
Sainte Lucie
75%
Dominique
74%
Saint-Vincent-et-les-Grenadines
73%
Trinité-et-Tobago
73%
Antigua-et-Barbuda
72%
Barbade
72%
Kingston
68%
Kingstown
68%
Saint-Christophe-et-Niévès
68%
Grenade
66%
Port-au-Prince
65%
San Salvador
65%
Saint Domingue
61%
San José
60%
Nassau
56%
Tegucigalpa
52%
Belmopan
51%
Managua
51%
Port-d'Espagne
47%
Roseau
46%
Saint-John's
45%
Castries
43%
BasseTerre
42%
Bridgetown
42%
Saint Georges
42%

Distribution des résultats

Percentile par nombre de réponses

% des personnes avec chaque résultat

Votre développement - résultats

Vous n’avez pas pris ce quiz